LEADER 00957nam0-2200301 --450 001 9910492553003321 005 20210903132228.0 010 $a8487647022 100 $a20210903d1990----kmuy0itay5050 ba 101 0 $aspa$acat 102 $aES 105 $a 001yy 200 1 $aBarcelona$ela ciutat i el 92 210 $a[S.l.$cs.n.]$d[1990?]$eS.l.$gGrup 3 215 $a305 p.$cill.$d30 cm 300 $aPubblicato in occasione della mostra omonima, svoltasi a Barcellona, in due edizioni: 8 ottobre 1988-8 gennaio 1989 e 21 novembre 1990-13 gennaio 1991 610 0 $aBARCELLONA$aURBANISTICA 610 0 $aBARCELLONA$aUrbanistica$a1980-2000 610 0 $aARCHITETTURA$aBarcellona$a1980-2000 676 $a711.4094672$v20 676 $a720.94672$v20 801 0$aIT$bUNINA$gREICAT$2UNIMARC 901 $aBK 912 $a9910492553003321 952 $aPICONE 77$bPIC 77$fDARPU 959 $aDARPU 996 $aBarcelona$9830493 997 $aUNINA LEADER 00945nam a2200277 i 4500 001 991000621879707536 005 20241218101501.0 008 990108s1984 it e 0|1 0 ita 020 $a8845303063 035 $ab10104720-39ule_inst 035 $aLE02519314$9ExL 040 $aFac. Economia$bita 082 0 $a658.8 100 1 $aHoltje, Herbert F.$059735 245 10$aMarketing /$cHerbert F. Holtje 260 $a[Milano] :$bEtas Libri,$c1984 300 $a158 p. ;$c27 cm 490 0 $aCollana Schaum. Teoria e problemi ;$v66 500 $aSulla cop.: Con 250 problemi risolti 650 4$aVendite$xOrganizzazione 907 $a.b10104720$b12-02-19$c27-06-02 912 $a991000621879707536 945 $aLE025 ECO 658.8 HOL01.01$g1$i2025000051669$lle025$nCatalogato 2019$o-$pE0.00$q-$rl$s-$t0$u0$v0$w0$x0$y.i10122485$z27-06-02 996 $aMarketing$915638 997 $aUNISALENTO 998 $ale025$b01-01-99$cm$da$e-$fita$git$h0$i1